Πλουτάρχου βίοι παράλληλοι : (Αλκιβιάδης - Κοριολάνος) : αρχαίον κείμενον

Αποθηκεύτηκε σε:
Λεπτομέρειες βιβλιογραφικής εγγραφής
Κύριος συγγραφέας: Πλούταρχος, 46-120
Άλλοι συγγραφείς: Παπακωνσταντίνου, Θ. Ι. (Μεταφραστής)
Μορφή: Βιβλίο
Γλώσσα:Greek
Ancient Greek
Δημοσίευση: Αθήναι : Ι. Ν. Ζαχαρόπουλος, [1958]
Σειρά:Κλασσική βιβλιοθήκη. Αρχαίοι Έλληνες συγγραφείς ; 97
Θέματα:
Ετικέτες: Προσθήκη ετικέτας
Δεν υπάρχουν, Καταχωρήστε ετικέτα πρώτοι!

MARC

LEADER 00000cam a2200000 i 4500
001 1/79013
008 050617s1958 gr | ||| |||| ||gre||
035 |l 10078651 
040 |a GR-MyUa  |b gre  |e AACR2 
041 1 |a gre  |h grc 
082 7 |a 883.3   |2 (22) 
100 0 |a Πλούταρχος,   |d 46-120. 
245 1 0 |a Πλουτάρχου βίοι παράλληλοι :   |b (Αλκιβιάδης - Κοριολάνος) : αρχαίον κείμενον /   |c Πλούταρχος ; μετάφρασις - σχόλια Θ. Παπακωνσταντίνου. 
246 1 |i Παράλληλος τίτλος:   |a Βίοι παράλληλοι 
260 |a Αθήναι :   |b Ι. Ν. Ζαχαρόπουλος,   |c [1958] 
300 |a 190 σ. ;   |c 21 εκ. 
490 1 |a (Αρχαίοι έλληνες συγγραφείς ;   |v 97) 
500 |a Με: Πλουτάρχου βίοι παράλληλοι: (Φιλοποίμην - Τίτος) / Πλούταρχος. - Πλουτάρχου βίοι παράλληλοι: (Πελοπίδας - Μάρκελλος) / Πλούταρχος. - Πλουτάρχου βίοι παράλληλοι: (Δημοσθένης - Κικέρων) / Πλούταρχος 
600 1 0 |a Coriolanus, Cnaeus Marcius. 
600 0 7 |2 nlgaf  |a Αλκιβιάδης,   |d 448-404. 
651 0 |a Greece  |x Biography  |v Early works to 1800. 
651 0 |a Rome  |x Biography  |v Early works to 1800. 
700 1 |a Παπακωνσταντίνου, Θ. Ι.  |e trl 
830 0 |a Κλασσική βιβλιοθήκη.   |p Αρχαίοι Έλληνες συγγραφείς ;  |v 97 
852 |a INST  |b RHODES  |c KRI  |e 20050617  |h  883.3 ΠΛΟ  |p 005400030794  |q 005400030794  |t BK  |y 0 
901 |a BIBL4-2005-2 
970 |a ΚΟΖΑ  |b ΜΑΡΙΑ  |z 2005/06/17